| 000 | 00631nam a2200229 i 4500 | ||
|---|---|---|---|
| 001 | bg | ||
| 100 | 1 | _aWATCYN-JONES, Peter | |
| 245 | 1 | 0 |
_aTarget vocabulary 2 : _b[pre-intermediate / intermediate] / _cPeter Watcyn-Jones. |
| 250 | _a3rd impr. | ||
| 260 |
_aLondon : _bPenguin Books, _c2000. |
||
| 300 |
_aIV, 188 s. : _brys. ; _c24 cm. |
||
| 650 | 9 |
_aJęzyk angielski _xsłownictwo |
|
| 655 | _aPodręczniki | ||
| 655 | _aSprawdziany i testy | ||
| 020 | _a0140813888 | ||
| 040 | _cBPK | ||
| 041 | 0 | _aen | |
| 080 | _a811.111'37(07) | ||
| 920 | _a0-14-081388-8 | ||
| 942 | _cKS | ||
| 008 | s pl f |000 0 pol | ||
| 999 |
_c40398 _d40398 |
||